Eva Zeisel on design : (Record no. 20504)

000 -LEADER
fixed length control field 01330cam a22003134a 4500
001 - CONTROL NUMBER
control field 13506638
005 - DATE AND TIME OF LATEST TRANSACTION
control field 20170119100352.0
008 - FIXED-LENGTH DATA ELEMENTS--GENERAL INFORMATION
fixed length control field 040301s2004 nyua b 000 0 eng
010 ## - LIBRARY OF CONGRESS CONTROL NUMBER
LC control number 2004043462
020 ## - INTERNATIONAL STANDARD BOOK NUMBER
International Standard Book Number 1585674079 (alk. paper)
040 ## - CATALOGING SOURCE
Original cataloging agency DLC
Transcribing agency DLC
Modifying agency DLC
042 ## - AUTHENTICATION CODE
Authentication code pcc
050 00 - LIBRARY OF CONGRESS CALL NUMBER
Classification number NK1510
Item number .Z437 2004
100 1# - MAIN ENTRY--PERSONAL NAME
Personal name Zeisel, Eva,
Dates associated with a name 1906-2011.
245 10 - TITLE STATEMENT
Title Eva Zeisel on design :
Remainder of title the magic language of things.
246 30 - VARYING FORM OF TITLE
Title proper/short title Eva Zeisel :
Remainder of title on design
246 30 - VARYING FORM OF TITLE
Title proper/short title On design
250 ## - EDITION STATEMENT
Edition statement 1st ed.
260 ## - PUBLICATION, DISTRIBUTION, ETC. (IMPRINT)
Place of publication, distribution, etc. Woodstock, NY :
Name of publisher, distributor, etc. Overlook Press,
Date of publication, distribution, etc. 2004.
300 ## - PHYSICAL DESCRIPTION
Extent 221 p. :
Other physical details ill. (some col.) ;
Dimensions 25 cm.
504 ## - BIBLIOGRAPHY, ETC. NOTE
Bibliography, etc Includes bibliographical references (p. 215-217).
650 #0 - SUBJECT ADDED ENTRY--TOPICAL TERM
Topical term or geographic name as entry element Design.
942 ## - ADDED ENTRY ELEMENTS (KOHA)
Source of classification or shelving scheme
Koha item type Hard Covered Materials
Classification part NK1510 .Z437 2004
Holdings
Withdrawn status Lost status Source of classification or shelving scheme Damaged status Not for loan Home library Current library Shelving location Date acquired Source of acquisition Total Checkouts Full call number Barcode Date last seen Price effective from Koha item type
          MACHAKOS UNIVERSITY LIBRARY MACHAKOS UNIVERSITY LIBRARY Technical section 19/01/2017 Donation(B.F.A)   NK1510 .Z437 2004 30882 04/07/2018 19/01/2017 Hard Covered Materials
© Machakos University Library, Along The Highway, Machakos Wote Rd, Machakos, Kenya P.O. Box 136 - 90100 Machakos - Kenya

Tel: ( +254 ) 723 805829 OR Fax : 044-20353 OR Email: library@mksu.ac.ke